[Event "ROM-ch"]
[Site "Bucharest"]
[Date "1994.??.??"]
[Round "3"]
[White "Badea, Bela"]
[Black "Cozianu, Costin"]
[Result "1-0"]
[WhiteElo "2435"]
[BlackElo "2355"]

1.c4 e6 2.Nf3 d5 3.g3 Nf6 4.Bg2 Be7 5.O-O O-O 6.d4 b6 7.cxd5 exd5 8.Nc3 c6
9.Ne5 Bb7 10.Qa4 Qe8 11.Bg5 Na6 12.Rfe1 Nc7 13.Bxf6 Bxf6 14.e4 Bxe5 15.dxe5 d4
16.Qxd4 c5 17.Qd2 Qxe5 18.Rad1 Ne6 19.f4 Qd4+ 20.Qf2 Qxf2+ 21.Kxf2 Rad8 22.Nb5 a6
23.Nd6 Bc6 24.Nc4 b5 25.Ne5 Ba8 26.Nd7 Rfe8 27.f5 Nd4 28.Nxc5 a5 29.a3 Rc8
30.Rxd4 Rxc5 31.Re2 f6 32.g4 h6 33.Ke3 Kf8 34.Red2 Bc6 35.Kf4 Ke7 36.h4 Rg8
37.Bf3 Rc1 38.Rd6 Rc8 39.Re6+ Kf8 40.g5 hxg5+ 41.hxg5 fxg5+ 42.Kxg5 b4 43.axb4 axb4
44.Rh2 Kg8 45.Re7 b3 46.Kf4 Rc2 47.Rh1 Rf8 48.Bh5 Rg2 49.Rc1 Rf6 50.Rc7 Bb5
51.Rc8+ Rf8 52.R1c7  1-0

[Event "ROM-ch"]
[Site "Bucharest"]
[Date "1994.??.??"]
[Round "5"]
[White "Badea, Bela"]
[Black "Negulescu, Adrian"]
[Result "1-0"]
[WhiteElo "2435"]
[BlackElo "2435"]

1.c4 e6 2.Nf3 d5 3.g3 c6 4.Bg2 f5 5.O-O Nf6 6.d3 Bd6 7.Nc3 O-O 8.cxd5 exd5
9.e4 Bb4 10.exd5 Bxc3 11.bxc3 Nxd5 12.Qb3 Nd7 13.Ba3 Re8 14.Rfe1 Nf6 15.Rxe8+ Qxe8
16.Re1 Qf7 17.c4 Nb6 18.Re7 Qh5 19.Bb2 f4 20.Bxf6 gxf6 21.Qc3 Nd7 22.Qd4 fxg3
23.hxg3 Nf8 24.Qxf6 Qg6 25.Qe5 Bd7 26.Nh4 Qh6 27.f4 a6 28.Be4 b5 29.Bxh7+ Nxh7
30.Rxd7 Qf6 31.Qxf6 Nxf6 32.Rd6  1-0

[Event "Budapest FS10 IM-A"]
[Site "Budapest"]
[Date "1994.??.??"]
[Round "3"]
[White "Allen, Andrew"]
[Black "Izsak, Gyula"]
[Result "0-1"]
[WhiteElo "2275"]
[BlackElo "2400"]

1.c4 e6 2.Nf3 d5 3.d4 Nf6 4.Nc3 c6 5.Bg5 Be7 6.e3 Nbd7 7.Bd3 O-O 8.O-O h6
9.Bh4 dxc4 10.Bxc4 b5 11.Bd3 a6 12.Rc1 Bb7 13.a3 c5 14.dxc5 Nxc5 15.Bb1 Qxd1
16.Rcxd1 Rfd8 17.h3 Rac8 18.Ne5 g5 19.Bg3 Nb3 20.Rxd8+ Rxd8 21.Rd1 Rxd1+
22.Nxd1 Nc5 23.Nc3 Nd5 24.Nxd5 Bxd5 25.f3 Na4 26.e4 Bb3 27.Nd3 Bc4 28.b4 Bd8
29.Be5 f6 30.Ba1 Bb6+ 31.Kf1 Be3 32.Ke1 Bxd3 33.Bxd3 Bc1 34.Bxf6 Bxa3 35.Be7 Kf7
36.Bd6 Nc3 37.g3 Na2 38.Kf2 Bxb4 39.Bb1 Bxd6 40.Bxa2 a5 41.Bb1 Ke7 42.Bd3 b4
43.Bc2 Be5 44.Bb3 Kd6 45.g4 Kc5 46.Ke3 Kb5 47.Kd3 a4 48.Bxe6 b3 49.Bf7 Kb4  0-1

[Event "Budapest FS07 GM"]
[Site "Budapest"]
[Date "1994.??.??"]
[Round "7"]
[White "Csom, Istvan"]
[Black "Vosselman, Jan"]
[Result "1-0"]
[WhiteElo "2410"]
[BlackElo "2305"]

1.c4 e6 2.Nf3 d5 3.b3 c6 4.Bb2 f5 5.g3 Nf6 6.Bg2 Be7 7.O-O O-O 8.d3 b6 9.Nbd2 Bb7
10.Rc1 c5 11.d4 Ne4 12.cxd5 exd5 13.Ne5 Nd7 14.Nxd7 Qxd7 15.dxc5 Bxc5 16.Nxe4 fxe4
17.Bxe4 Rae8 18.Bg2 Qf5 19.e3 h5 20.b4 Bd6 21.e4 Qf7 22.a3 Bb8 23.exd5 Rd8
24.Qb3 h4 25.Rcd1 Bd6 26.Rd4 hxg3 27.hxg3 Be5 28.Rd3 Bxb2 29.Qxb2 Bxd5 30.Rfd1 Bxg2
31.Rxd8 Bf3 32.Rxf8+ Kxf8 33.Rd8+ Ke7 34.Qd2 Qe6 35.Rd3  1-0

[Event "Elekes mem"]
[Site "Budapest"]
[Date "1994.??.??"]
[Round "9"]
[White "Kolbus, Dietmar"]
[Black "Collas, Didier"]
[Result "1-0"]
[WhiteElo "2365"]
[BlackElo "2330"]

1.c4 e6 2.Nf3 d5 3.d4 dxc4 4.e3 Nf6 5.Bxc4 c5 6.O-O a6 7.a4 Nc6 8.Qe2 cxd4
9.Rd1 Be7 10.exd4 O-O 11.Nc3 Nb4 12.Ne5 Nbd5 13.Bg5 Nxc3 14.bxc3 Nd5 15.Bd2 Qc7
16.Rdc1 Rd8 17.Bd3 Bf8 18.Qf3 f6 19.Qe4 g6 20.Nf3 Kh8 21.c4 Nb4 22.Bb1 Qf7
23.a5 Nc6 24.Bc3 Bg7 25.Ba2 Re8 26.Qh4 Ne7 27.Rab1 Nf5 28.Qe4 Rb8 29.Rb6 Qc7
30.Bd2 Bd7 31.Qb1 Ne7 32.d5 Nc8 33.Rb3 Ne7 34.Qd3 Nf5 35.Rb6 Rec8 36.g4 Nh6
37.dxe6 Bc6 38.h3 Rd8 39.Qe3 Ng8 40.Bb4 Ne7 41.Bc3 Rf8 42.Rd1 Rbd8 43.Rxd8 Rxd8
44.Rb1 Kg8 45.Bb3 Kf8 46.Rd1 Rxd1+ 47.Bxd1 Qd6 48.Be2 Be8 49.Bd4 Bc6 50.Bc5 Qd8
51.Nd4 Ke8 52.Bb6 Qd6 53.Nxc6 Nxc6 54.Bf3 Bf8 55.Bd5 Qa3 56.Qf4 Qa1+ 57.Kg2 Qe5
58.Qxe5 Nxe5 59.f4 Nc6 60.f5 Nd8 61.Bd4 gxf5 62.gxf5 Bb4 63.Bxf6 Bxa5 64.Be5 b5
65.c5  1-0

[Event "ARG-World"]
[Site "Buenos Aires"]
[Date "1994.??.??"]
[Round "5"]
[White "Sunye Neto, Jaime"]
[Black "Tempone, Marcelo"]
[Result "1/2-1/2"]
[WhiteElo "2530"]
[BlackElo "2460"]

1.c4 e6 2.Nf3 d5 3.g3 Nf6 4.Bg2 Be7 5.O-O O-O 6.d4 Nbd7 7.Qc2 c6 8.Nbd2 b6
9.e4 h6 10.b3 Bb7 11.Bb2 Rc8 12.Rad1 Rc7 13.Rfe1 Re8 14.a3 dxe4 15.Nxe4 Nxe4
16.Qxe4 c5 17.d5 exd5 18.cxd5 Rc8 19.Qf4 Bf6 20.Rxe8+ Qxe8 21.Re1 Qf8 22.Bxf6 Nxf6
23.d6 Bc6 24.Nh4 Bd7 25.Re7 Rd8 26.h3 b5 27.Nf5 Bxf5 28.Qxf5 Rxd6 29.Rxa7 g6
30.Qc2 Kg7 31.Qe2 Rb6 32.a4 bxa4 33.bxa4 h5 34.a5 Rb1+ 35.Kh2 Qd6 36.Qe7 Qxe7
37.Rxe7 Ra1 38.Ra7 c4  1/2-1/2

[Event "Calcutta op"]
[Site "Calcutta"]
[Date "1994.??.??"]
[Round "6"]
[White "Koshy, Varugeese"]
[Black "Rahman, Zillur"]
[Result "1-0"]
[WhiteElo "2415"]
[BlackElo "2295"]

1.c4 e6 2.Nf3 d5 3.g3 Be7 4.Bg2 c5 5.O-O Nc6 6.cxd5 exd5 7.d4 Nf6 8.dxc5 O-O
9.a3 Bxc5 10.b4 Bb6 11.Bb2 Be6 12.Nc3 a6 13.Na4 Ba7 14.Nd4 Rc8 15.Nc5 Bxc5
16.bxc5 Na5 17.Bc3 Nd7 18.Nxe6 fxe6 19.e4 Nxc5 20.exd5 b6 21.Qg4 Qe7 22.Bxa5 bxa5
23.dxe6 Nd3 24.Rad1 Rcd8 25.Qe2 Nc5 26.Bd5 Na4 27.Qc2 Nc5 28.Qc4 g6 29.Bc6 h5
30.Bd7 Kh7 31.Rfe1 Rf6 32.Kg2 Rf5 33.Qd4 Rdf8 34.f4 Nb7 35.Re5 Kh6 36.Rxf5 gxf5
37.Qd5 Rb8 38.Qxf5 Qxa3 39.Qg5+ Kh7 40.Qxh5+ Kg7 41.Qe5+  1-0

[Event "CAN-ch"]
[Site "CAN"]
[Date "1994.??.??"]
[Round "8"]
[White "Spraggett, Kevin"]
[Black "O'Donnell, Tom"]
[Result "1-0"]
[WhiteElo "2530"]
[BlackElo "2410"]

1.c4 e6 2.Nf3 d5 3.e3 Nf6 4.b3 Be7 5.Bb2 O-O 6.d4 b6 7.Bd3 Bb7 8.O-O c5 9.Nc3 cxd4
10.exd4 Nc6 11.Re1 Re8 12.Rc1 Rc8 13.cxd5 Nxd5 14.Nxd5 Qxd5 15.Be4 Qh5 16.d5 exd5
17.Qxd5 Qxd5 18.Bxd5 Kf8 19.h4 h6 20.h5 Red8 21.Be4 Bb4 22.Red1 Rxd1+ 23.Rxd1 Rd8
24.Rxd8+ Nxd8 25.Bxb7 Nxb7 26.Nd4 a6 27.Nf5 f6 28.Kf1 Kf7 29.Ke2 Bf8 30.Nd4 Nc5
31.f3 Ne6 32.g4 Nxd4+ 33.Bxd4 b5 34.Kd3 Ke6 35.Ke4 Ba3 36.f4 Bf8 37.Bc3 Bc5
38.f5+ Kd7 39.Kd5 Bf8 40.Bd4 Bd6 41.Bc5 Bf4 42.a4 bxa4 43.bxa4 Bg5 44.Bd4 Bc1
45.Bf2 Ba3 46.Be3 Bd6 47.Bc5 Bf4 48.Bf8 Be3 49.Bxg7 Ke7 50.Kc6 Kf7 51.Bxh6 Bxh6
52.Kb6 Kg7 53.Kxa6 Be3 54.a5 Kh6 55.Kb7 Kg5 56.a6 Kxg4 57.h6  1-0

[Event "Capablanca mem-B"]
[Site "?"]
[Date "1994.??.??"]
[Round "11"]
[White "Paneque, Pedro"]
[Black "Antunes, Antonio"]
[Result "0-1"]
[WhiteElo "2410"]
[BlackElo "2465"]

1.c4 e6 2.Nf3 d5 3.b3 Nf6 4.g3 a5 5.Bg2 a4 6.d3 axb3 7.Qxb3 Be7 8.O-O O-O
9.Nbd2 Nbd7 10.Qc2 c6 11.cxd5 exd5 12.Nd4 Re8 13.Bb2 Bf8 14.N2f3 Nc5 15.h3 Na4
16.Bc1 c5 17.Nb3 d4 18.e4 dxe3 19.Bxe3 Bf5 20.Nc1 Nd5 21.Bd2 Be7 22.Rb1 b6
23.Rb3 Bf6 24.Re1 Rxe1+ 25.Bxe1 h6 26.Kh2 Qd7 27.Bd2 Rc8 28.Qd1 b5 29.Ne2 b4
30.Nf4 Nxf4 31.Bxf4 Nb2  0-1

[Event "Cappelle op"]
[Site "Cappelle la Grande"]
[Date "1994.??.??"]
[Round "2"]
[White "McNab, Colin Anderson"]
[Black "Cosma, Elena Luminita"]
[Result "1-0"]
[WhiteElo "2460"]
[BlackElo "2310"]

1.c4 e6 2.Nf3 d5 3.b3 Nf6 4.g3 c6 5.Bg2 Nbd7 6.Bb2 Be7 7.O-O O-O 8.d3 b6
9.Qc2 Bb7 10.e4 c5 11.cxd5 exd5 12.e5 Ne8 13.d4 Nc7 14.dxc5 bxc5 15.Re1 Nb6
16.Nc3 Ne6 17.Rad1 Qe8 18.h4 Rd8 19.Bc1 Qc6 20.h5 h6 21.a4 Qc8 22.Ba3 Rfe8
23.Nb5 a6 24.Nd6 Bxd6 25.exd6 Rxd6 26.Nh4 Rdd8 27.Nf5 Nd4 28.Rxe8+ Rxe8 29.Nxd4 cxd4
30.Qxc8 Nxc8 31.Bf3 Ne7 32.Re1 Kf8 33.Bg4 g6 34.Bd7  1-0

[Event "Cappelle op"]
[Site "Cappelle la Grande"]
[Date "1994.??.??"]
[Round "2"]
[White "Gorbatow, Alexej"]
[Black "Piskov, Yury"]
[Result "0-1"]
[WhiteElo "2415"]
[BlackElo "2550"]

1.c4 e6 2.Nf3 d5 3.cxd5 exd5 4.Qc2 Nf6 5.d3 Nc6 6.a3 Bg4 7.Nbd2 a5 8.b3 Bd6
9.Bb2 O-O 10.e3 Qe7 11.Be2 Ne5 12.O-O Rfc8 13.Rfe1 c5 14.Nxe5 Bxe2 15.Rxe2 Bxe5
16.a4 Bxb2 17.Qxb2 b5 18.axb5 Rcb8 19.Rae1 Rxb5 20.Qc2 Rab8 21.e4 d4 22.h3 h6
23.g3 Nd7 24.Kh2 a4 25.bxa4 Rb2 26.Qd1 Ne5 27.Nc4 Nxc4 28.dxc4 Qe6 29.Rc2 R8b4
30.a5 Rxc2 31.Qxc2 Rxc4 32.Qb3 Qf6 33.Kg1 Rc3 34.Qb8+ Kh7 35.Ra1 Qf3 36.Kf1 d3
37.a6 d2  0-1

[Event "Cappelle op"]
[Site "Cappelle la Grande"]
[Date "1994.??.??"]
[Round "5"]
[White "McNab, Colin Anderson"]
[Black "Franzen, Josef"]
[Result "1-0"]
[WhiteElo "2460"]
[BlackElo "2315"]

1.c4 e6 2.Nf3 d5 3.b3 Nf6 4.g3 Be7 5.Bg2 O-O 6.O-O dxc4 7.bxc4 c5 8.Bb2 Nc6
9.d3 Qc7 10.Nc3 Rd8 11.Ne1 a6 12.Rb1 Rb8 13.Ba1 b6 14.e3 Bb7 15.Qe2 Ba8 16.f4 Ne8
17.g4 Nd6 18.Rf3 f5 19.Rh3 Bf8 20.gxf5 Nxf5 21.Ne4 h6 22.Nf3 Qd7 23.Bf1 b5
24.cxb5 axb5 25.Rc1 Qa7 26.Nfg5 hxg5 27.Qh5 gxf4 28.Ng5 Nh6 29.Qg6 Bd6 30.Rxh6  1-0

[Event "Catania op"]
[Site "Cattolica"]
[Date "1994.??.??"]
[Round "7"]
[White "Ciampi, Vincenzo"]
[Black "Lagumina, Giulio"]
[Result "1/2-1/2"]
[WhiteElo "2175"]
[BlackElo "2290"]

1.c4 e6 2.Nf3 d5 3.e3 Nf6 4.Nc3 c5 5.cxd5 exd5 6.Bb5+ Bd7 7.Bxd7+ Qxd7 8.d4 Nc6
9.O-O Bd6 10.dxc5 Bxc5 11.Qe2 O-O 12.Rd1 Rad8 13.b3 Rfe8 14.Bb2 Qf5 15.Nb5 Ne4
16.Nbd4 Nxd4 17.Bxd4 b6 18.Bxc5 bxc5 19.Rac1 d4 20.Qd3 Qf6 21.exd4 cxd4 22.Re1  1/2-1/2

[Event "Catania op"]
[Site "Cattolica"]
[Date "1994.??.??"]
[Round "8"]
[White "Contin, Daniel"]
[Black "Mantovani, Renzo"]
[Result "1-0"]
[WhiteElo "2425"]
[BlackElo "2365"]

1.c4 e6 2.Nf3 d5 3.b3 Be7 4.Bb2 Bf6 5.Qc1 Bxb2 6.Qxb2 Nf6 7.e3 O-O 8.Be2 b6
9.O-O Bb7 10.cxd5 Nxd5 11.d4 Nd7 12.b4 Qe7 13.a3 Rfb8 14.Nbd2 c5 15.dxc5 bxc5
16.b5 a6 17.a4 axb5 18.axb5 N5b6 19.Rxa8 Rxa8 20.Ra1 h6 21.Rxa8+ Bxa8 22.Qa3 f5
23.Qa7 Qd8 24.Nc4 Bxf3 25.gxf3 Kh7 26.Kf1 Nxc4 27.Bxc4 Ne5 28.Be2 Nd7 29.Qb7 e5
30.Qc6 Nb6 31.Qxc5 Qb8 32.Bd3 Kg6 33.Qe7 Kh7 34.Qe6 Kh8 35.Qxf5 Kg8 36.Qe6+ Kh8
37.Bg6 Qd8 38.Qxe5 Qd1+ 39.Kg2 Qd8 40.Qe8+ Qxe8 41.Bxe8  1-0

[Event "Catania op"]
[Site "Cattolica"]
[Date "1994.??.??"]
[Round "9"]
[White "Fabiano, Giuseppe"]
[Black "Godena, Michele"]
[Result "1-0"]
[WhiteElo "2210"]
[BlackElo "2485"]

1.c4 e6 2.Nf3 d5 3.e3 Nf6 4.Be2 c5 5.O-O d4 6.d3 Nc6 7.exd4 cxd4 8.Bg5 Be7
9.Nbd2 O-O 10.a3 a5 11.Rb1 a4 12.Re1 Nd7 13.Bxe7 Qxe7 14.Bf1 f5 15.Qe2 e5
16.g3 Re8 17.Bg2 g5 18.b4 axb3 19.Nxb3 h6 20.h4 g4 21.Nfd2 Rxa3 22.Bxc6 bxc6
23.Nxd4 Qf6 24.N2b3 Ra8 25.Qe3 Rf8 26.Nc2 f4 27.gxf4 exf4 28.Qe7 Qxe7 29.Rxe7 Rf7
30.Rxf7 Kxf7 31.Nbd4 Ne5 32.Rb6 Bd7 33.c5 Kf6 34.Nb4 Ra1+ 35.Kg2 Rd1 36.Nbxc6  1-0

[Event "FRA-ch"]
[Site "Chambery"]
[Date "1994.??.??"]
[Round "?"]
[White "Bauer, Christian"]
[Black "Relange, Eloi"]
[Result "1-0"]
[WhiteElo "2420"]
[BlackElo "2445"]

1.c4 e6 2.Nf3 d5 3.d4 c6 4.Qc2 Nd7 5.g3 Ngf6 6.Bg2 b6 7.O-O Bb7 8.Nc3 Rc8
9.e4 dxc4 10.Rd1 b5 11.a4 a6 12.e5 Nd5 13.Ng5 Be7 14.h4 h6 15.Nh3 c5 16.Nxd5 Bxd5
17.Bxd5 exd5 18.e6 Nf6 19.exf7+ Kxf7 20.Nf4 Qe8 21.axb5 Rf8 22.bxa6 cxd4
23.Qf5 Bc5 24.Ng6 Qe2 25.Bg5 Qe4 26.Ne5+ Kg8 27.Qe6+ Kh7 28.Re1 Qc2 29.Rac1 Qxb2
30.Qf5+ Kg8 31.Qe6+ Kh7 32.Qf5+ Kg8 33.Bxf6 Ra8 34.Qe6+ Kh7 35.Qf5+ Kg8 36.Ng4 Rxa6
37.Qxd5+ Kh7 38.Qf5+ Kg8 39.Qxc5  1-0

[Event "Copenhagen op16"]
[Site "Copenhagen"]
[Date "1994.??.??"]
[Round "10"]
[White "Neverov, Valeriy"]
[Black "Stripunsky, Alexander"]
[Result "1/2-1/2"]
[WhiteElo "2530"]
[BlackElo "2510"]

1.c4 e6 2.Nf3 d5 3.g3 c5 4.cxd5 exd5 5.Bg2 Nc6 6.O-O Nf6 7.d4 Be7 8.Nc3 O-O
9.dxc5 Bxc5 10.Bg5 Be6 11.Bxf6 Qxf6 12.Nxd5 Qxb2 13.Nc7 Rad8 14.Qc1 Qxc1
15.Raxc1 b6 16.Nxe6 fxe6 17.Rfd1 Rxd1+  1/2-1/2

[Event "Hessen-ch"]
[Site "Doernigheim"]
[Date "1994.??.??"]
[Round "6"]
[White "Reschke, Thomas"]
[Black "Schwarz, Peter"]
[Result "1/2-1/2"]
[WhiteElo "2300"]
[BlackElo "2225"]

1.c4 e6 2.Nf3 d5 3.b3 Nf6 4.g3 Be7 5.Bb2 O-O 6.Bg2 b6 7.O-O Bb7 8.e3 dxc4
9.bxc4 c5 10.Qe2 Nc6 11.d3 Qc7 12.Nc3 a6 13.Ne1 Rab8 14.f4 Rfc8 15.g4 Na7
16.Bxb7 Rxb7 17.g5 Nd7 18.Qh5 b5 19.f5 exf5 20.Nd5 Qd6 21.Qf3 Nc6 22.Qxf5 Rf8
23.Nf6+ Nxf6 24.gxf6 Bxf6 25.Bxf6 Qxf6 26.Qxf6 gxf6 27.Rxf6 Rc8 28.cxb5 axb5
29.Rf5 Nb4 30.Rg5+ Kf8 31.Kf1 Ra7 32.a3 Ra4 33.Ke2 Na6 34.Nc2 b4 35.axb4 Rxa1
36.Nxa1 cxb4 37.Ra5 Rc6 38.Kd2 Nc7 39.Ra7 Ne8 40.Rb7 Rh6 41.Rxb4 Rxh2+ 42.Kc3 h5  1/2-1/2

[Event "Dresden op"]
[Site "Dresden"]
[Date "1994.??.??"]
[Round "?"]
[White "Czebe, Attila"]
[Black "Lau, Ralf"]
[Result "0-1"]
[WhiteElo "2430"]
[BlackElo "2515"]

1.c4 e6 2.Nf3 d5 3.e3 Nf6 4.b3 a5 5.Bb2 a4 6.Na3 Be7 7.Be2 O-O 8.O-O b6 9.Ne5 Bb7
10.f4 Nbd7 11.d3 Nxe5 12.fxe5 Nd7 13.Nc2 axb3 14.axb3 Nc5 15.Rxa8 Qxa8 16.b4 Na4
17.Ba1 dxc4 18.Rf4 cxd3 19.Bxd3 g6 20.h4 c5 21.h5 g5 22.h6 Kh8 23.Qg4 cxb4
24.Rxb4 Nc5 25.Be2 Be4 26.Bf3 Bxf3 27.gxf3 Qa2 28.Rb2 Qa6 29.f4 Rd8 30.Rb1 Qa2
31.Rb2 Qc4 32.Qg2 Na4 33.Rb1 Nc3 34.Bxc3 Qxc3 35.Rxb6 Bc5 36.Qxg5 Rd1+ 37.Kg2 Qxc2+
38.Kh3 Rh1+  0-1

[Event "Formia op"]
[Site "Formia"]
[Date "1994.??.??"]
[Round "3"]
[White "Sarno, Spartaco"]
[Black "Leoncini, Mario"]
[Result "1-0"]
[WhiteElo "2395"]
[BlackElo "2195"]

1.c4 e6 2.Nf3 d5 3.b3 Nf6 4.g3 Be7 5.Bg2 O-O 6.O-O Nbd7 7.Bb2 a5 8.Nc3 c6
9.Qc2 Re8 10.d3 Nc5 11.Rab1 h6 12.Rfd1 Qc7 13.e4 dxe4 14.Nxe4 Ncd7 15.Nc3 e5
16.d4 exd4 17.Nxd4 Bf8 18.Nf5 Ne5 19.Ne4 Nxe4 20.Qxe4 Bxf5 21.Qxf5 Re6 22.Bh3 Ng6
23.Qf3 Rd6 24.Rxd6 Bxd6 25.Rd1 Rd8 26.Bf5 Bc5 27.Kg2 Rxd1 28.Qxd1 Nf8 29.h4 Qd6
30.Qxd6 Bxd6 31.h5 Ne6 32.Kf3 Nd8 33.Ke4 f6 34.Bd4 Bc7 35.Bc5 Kf7 36.Bg6+ Kg8
37.Kf5 Kh8 38.Be8 Kh7 39.Bd7  1-0

[Event "Formia op"]
[Site "Formia"]
[Date "1994.??.??"]
[Round "6"]
[White "Sarno, Spartaco"]
[Black "Kaspi, Alexander"]
[Result "1/2-1/2"]
[WhiteElo "2395"]
[BlackElo "2410"]

1.c4 e6 2.Nf3 d5 3.b3 Nf6 4.g3 d4 5.Bg2 c5 6.O-O Nc6 7.e3 Be7 8.exd4 cxd4
9.Re1 O-O 10.d3 Re8 11.Ne5 Nxe5 12.Rxe5 Qc7 13.Re1 e5 14.Ba3 Bd7 15.Bxe7 Rxe7
16.Nd2 Bc6 17.b4 Rae8 18.Bf1 b6 19.Rc1 Qd7 20.b5 Ba8 21.Bg2 Bxg2 22.Kxg2 h6
23.a4 e4 24.dxe4 Nxe4 25.Rxe4 Rxe4 26.Nxe4 Rxe4 27.Qf3 Re6 28.c5 bxc5 29.Rxc5 d3
30.Rd5 Rd6 31.Rxd6 Qxd6 32.Qa8+ Kh7 33.Qc6 Qd8 34.Kf1 Kg8 35.Ke1 Qe7+ 36.Kf1 Qe2+
37.Kg2 Qe5 38.a5 g6 39.b6 axb6 40.axb6 d2 41.Qa8+ Kh7 42.Qf3  1/2-1/2

[Event "FRA-chT "]
[Site "FRA"]
[Date "1994.??.??"]
[Round "5"]
[White "Hauchard, Arnaud"]
[Black "Collard, Olivier"]
[Result "1-0"]
[WhiteElo "2490"]
[BlackElo "2210"]

1.c4 e6 2.Nf3 d5 3.g3 Nf6 4.Bg2 Be7 5.O-O O-O 6.b3 c5 7.Bb2 Nc6 8.cxd5 exd5
9.d4 Ne4 10.Nc3 Bf6 11.Na4 b6 12.Rc1 Re8 13.Re1 Ba6 14.dxc5 Bxb2 15.Nxb2 bxc5
16.Na4 c4 17.Nd2 Qa5 18.Bxe4 dxe4 19.Nxc4 Qh5 20.Qd6 Re6 21.Qc5 Qh3 22.f4 e3
23.Nxe3 Bb7 24.Qf5 Qxf5 25.Nxf5 g6 26.Nh4 Nd4 27.e3 Nf3+ 28.Nxf3 Bxf3 29.Kf2 Bg4
30.Nc5 Rc6 31.Ne4 Ra6 32.a4 f5 33.Ng5 Rb6 34.h3 Bh5 35.Rc3 Rab8 36.Rec1 Rxb3
37.Rxb3 Rxb3 38.Rc8+ Kg7 39.Rc7+ Kh8 40.g4 fxg4 41.hxg4 Bxg4 42.Nf7+  1-0

[Event "Troll Masters"]
[Site "Gausdal"]
[Date "1994.??.??"]
[Round "6"]
[White "Manouck, Thierry"]
[Black "Thorhallsson, Throstur"]
[Result "0-1"]
[WhiteElo "2290"]
[BlackElo "2470"]

1.c4 e6 2.Nf3 d5 3.b3 Nf6 4.Bb2 c5 5.g3 b6 6.Bg2 Bb7 7.O-O Be7 8.e3 O-O 9.Qe2 a6
10.d4 cxd4 11.exd4 Nc6 12.Rd1 Rc8 13.Ne5 Qc7 14.Nc3 dxc4 15.Nxc6 Bxc6 16.Bxc6 Qxc6
17.d5 Qc7 18.dxe6 fxe6 19.Qxe6+ Kh8 20.bxc4 Bc5 21.Rd2 Rce8 22.Qh3 Qf7 23.Qh4 Ng4
24.Qxg4 Bxf2+ 25.Kg2 Be1 26.Rxe1 Rxe1 27.Qf4 Qb7+ 28.Kh3 Qe7 29.Qd6 Qf7 30.Qf4 Qe6+
31.Kg2 Qc6+  0-1

[Event "Oberliga SuedW 9394"]
[Site "GER"]
[Date "1994.??.??"]
[Round "?"]
[White "Becker, Marc"]
[Black "Schulz, Klaus Juergen"]
[Result "0-1"]
[WhiteElo "2380"]
[BlackElo "2415"]

1.c4 e6 2.Nf3 d5 3.g3 Nf6 4.Bg2 c5 5.O-O Nc6 6.cxd5 exd5 7.d4 Be7 8.Nc3 O-O
9.b3 Bg4 10.Bb2 cxd4 11.Nxd4 Qd7 12.Na4 Rfe8 13.Rc1 Rac8 14.Nc5 Bxc5 15.Rxc5 Nxd4
16.Qxd4 Rxc5 17.Qxc5 b6 18.Qc1 Rxe2 19.Bxf6 gxf6 20.Qf4 Kg7 21.a4 Rb2 22.Rc1 Bh3
23.b4 a5 24.bxa5 bxa5 25.Bxh3 Qxh3 26.Qd4 Rb4 27.Qxd5 Rxa4  0-1

[Event "BL2-N9394"]
[Site "Germany"]
[Date "1994.??.??"]
[Round "?"]
[White "Lagunow, Alexander"]
[Black "Weyrich, Morten"]
[Result "1-0"]
[WhiteElo "2405"]
[BlackElo "2375"]

1.c4 e6 2.Nf3 d5 3.d4 c6 4.Qc2 Nf6 5.Nbd2 Nbd7 6.g3 Be7 7.Bg2 O-O 8.O-O c5
9.Rd1 Qb6 10.cxd5 exd5 11.Nf1 Re8 12.b3 Nf8 13.Be3 cxd4 14.Bxd4 Qa6 15.Ne3 Be6
16.Qd3 Qxd3 17.Rxd3 b6 18.Bxf6 Bxf6 19.Rad1 Rac8 20.Nd4 Ng6 21.Nb5 Rc5 22.Nd6 Rb8
23.Bxd5 Bxd5 24.Rxd5 Rxd5 25.Nxd5 Bd8 26.Rc1 Ne5 27.Kg2 a6 28.Rc3 Nd7 29.f4 f6
30.Re3 g6 31.Re8+ Kg7 32.e4 Kh6  1-0

[Event "BL2-O9394"]
[Site "Germany"]
[Date "1994.??.??"]
[Round "?"]
[White "Liebert, Heinz"]
[Black "Rausch, Stephan"]
[Result "0-1"]
[WhiteElo "2380"]
[BlackElo "2295"]

1.c4 e6 2.Nf3 d5 3.g3 Nf6 4.d4 c6 5.Bg2 dxc4 6.O-O b5 7.a4 Bb7 8.Ne5 Qb6
9.b3 cxb3 10.Qxb3 Nbd7 11.Be3 Nd5 12.Nxd7 Kxd7 13.a5 Qd8 14.a6 Bc8 15.Nc3 Ke8
16.Rfc1 Bd7 17.Ne4 f5 18.Nc5 Bxc5 19.Rxc5 Qf6 20.Rd1 Rc8 21.Bc1 Kf7 22.e4 fxe4
23.Bxe4 Rhf8 24.Ba3 Kg8 25.Rc2 b4 26.Bxd5 exd5 27.Bxb4 Rb8 28.Rcd2 Bh3 29.f4 Rfc8
30.Rc1 Qe6 31.Rf2 Rb6 32.Qc3 Qe4 33.Qd2 Rxa6 34.Bd6 Rb6 35.Be5 Rb1 36.Qc2 Qe1+
37.Rf1 Qxf1+  0-1

[Event "BL2-O9394"]
[Site "Germany"]
[Date "1994.??.??"]
[Round "?"]
[White "Schunk, Thomas"]
[Black "Stettler, Michael"]
[Result "1-0"]
[WhiteElo "2285"]
[BlackElo "2370"]

1.c4 e6 2.Nf3 d5 3.b3 Nf6 4.Bb2 Be7 5.e3 O-O 6.Be2 c5 7.O-O Nc6 8.d4 cxd4
9.Nxd4 Nxd4 10.exd4 b6 11.Nd2 Ba6 12.Bd3 Rc8 13.Qe2 Re8 14.a3 g6 15.Nf3 Bf8
16.Ne5 Bg7 17.g3 Nd7 18.f4 dxc4 19.bxc4 Qc7 20.Rac1 Nxe5 21.fxe5 Qc6 22.h3 Qa4
23.Kh2 Re7 24.d5 exd5 25.cxd5 Rxc1 26.Rxc1 Bxd3 27.Qxd3 h5 28.d6 Rd7 29.Qc4 Qxc4
30.Rxc4 Bf8 31.Rc7 Rd8 32.Rxa7 f6 33.exf6 Bxd6 34.Rg7+ Kf8 35.Rh7 Ke8 36.Kg2 Rd7
37.Rxd7 Kxd7 38.a4 Ke6 39.Kf3 Bc5 40.Ke4 Bd6 41.g4 hxg4 42.hxg4 Bc5 43.g5 Bb4
44.Bd4 Ba5 45.Be3 Kd6 46.Kd4  1-0

[Event "BL2-S9394"]
[Site "Germany"]
[Date "1994.??.??"]
[Round "?"]
[White "Messmer, Martin"]
[Black "Foessmeier, Ulrich"]
[Result "1/2-1/2"]
[WhiteElo "2315"]
[BlackElo "2305"]

1.c4 e6 2.Nf3 d5 3.d4 Nf6 4.Nc3 Be7 5.Bg5 O-O 6.e3 Nbd7 7.cxd5 exd5 8.Be2 c6
9.O-O Re8 10.Qc2 Ne4 11.Bf4 Ndf6 12.Nxe4 Nxe4 13.Bd3 Bd6 14.Bg3 g6 15.Bxe4 dxe4
16.Nd2 Bxg3 17.hxg3 Bf5 18.b4 h5 19.Nc4 Rc8 20.Qe2 Bg4 21.Qc2 Qe7 22.a3 Be6
23.Nd2 Bd5 24.Qc5 Qg5 25.Qd6 b6 26.Rfe1 Red8 27.Qf4 Qe7 28.g4 hxg4 29.Qxg4 Kg7
30.Nf1 f5 31.Qg3  1/2-1/2

[Event "BL2-S9394"]
[Site "Germany"]
[Date "1994.??.??"]
[Round "?"]
[White "Sokolov, Andrei"]
[Black "Bachmayr, Peter"]
[Result "1-0"]
[WhiteElo "2555"]
[BlackElo "2270"]

1.c4 e6 2.Nf3 d5 3.e3 c5 4.b3 Nf6 5.Bb2 Be7 6.g3 O-O 7.Bg2 b6 8.O-O Bb7 9.Nc3 Nbd7
10.Qe2 Rc8 11.d3 Re8 12.Rad1 a6 13.Nd2 Qc7 14.f4 dxc4 15.bxc4 Bxg2 16.Qxg2 Nb8
17.g4 Nc6 18.g5 Nd7 19.Nf3 Nf8 20.Ne4 Red8 21.Nf6+ gxf6 22.gxf6+ Ng6 23.fxe7 Nxe7
24.Ng5 h6 25.Ne4 f5 26.Qh3 Kf7 27.Ng3 Ke8 28.e4 Nxf4 29.Qxh6 Rxd3 30.Rxd3 Nxd3
31.exf5 exf5 32.Qh5+ Kd7 33.Rd1 Rg8 34.Rxd3+ Kc8 35.Qf7  1-0

[Event "BL2-S9394"]
[Site "Germany"]
[Date "1994.??.??"]
[Round "?"]
[White "Wilde, Pierre"]
[Black "Arnold, Lothar"]
[Result "1/2-1/2"]
[WhiteElo "2295"]
[BlackElo "2340"]

1.c4 e6 2.Nf3 d5 3.g3 c5 4.cxd5 exd5 5.d4 Nf6 6.Bg2 Nc6 7.O-O Be7 8.dxc5 Bxc5
9.Nbd2 h6 10.Nb3 Bb6 11.Nbd4 O-O 12.b3 Re8 13.Bb2 Ne4 14.Rc1 Bd7 15.e3 Rc8
16.Qd3 Nb4 17.Qb1 Rxc1 18.Rxc1 Qe7 19.Re1 Nc6 20.Nxc6 bxc6 21.Ne5 Bc7 22.Nxd7 Qxd7
23.Qc2 Bb6 24.Bd4 Bxd4 25.exd4 Ng5 26.Rxe8+ Qxe8 27.Kf1  1/2-1/2

[Event "Oberliga Nord N9495"]
[Site "Germany"]
[Date "1994.??.??"]
[Round "?"]
[White "Hochgraefe, Markus"]
[Black "Lamprecht, Frank"]
[Result "0-1"]
[WhiteElo "2270"]
[BlackElo "2340"]

1.c4 e6 2.Nf3 d5 3.d4 c6 4.e3 Nf6 5.Bd3 dxc4 6.Bxc4 b5 7.Bd3 a6 8.e4 c5 9.Bg5 h6
10.Bxf6 Qxf6 11.a4 cxd4 12.e5 Bb4+ 13.Nbd2 Qe7 14.axb5 O-O 15.Qe2 Bb7 16.O-O axb5
17.Nb3 Rd8 18.Nbxd4 Rxa1 19.Rxa1 Qc5 20.Be4 Ba6 21.Nc2 Qe7 22.Bd3 Bc5 23.b4 Bb6
24.Bxb5 Bb7 25.Bd3 Bxf3 26.Qxf3 Qc7 27.Re1 Nc6 28.Qe4 g6 29.Kf1 Rd5 30.f4 Ba7
31.b5 Qb6 32.Ne3 Ne7 33.g4 Rd4 34.Qa8+ Rd8 35.Qe4 Nd5 36.Kf2 Nxe3 37.Rxe3 Rd4
38.Qa8+ Kg7 39.Ke2 Rxf4 40.Rf3 Rxg4 41.Qe8 Rg2+ 42.Kd1 Rg1+ 43.Ke2 Qc7 44.Be4 Qc4+  0-1

[Event "NRW-Liga II 9394"]
[Site "Germany"]
[Date "1994.??.??"]
[Round "?"]
[White "Auer, Martin"]
[Black "Hogenacker, Jacques"]
[Result "1-0"]
[WhiteElo "2310"]
[BlackElo "2270"]

1.c4 e6 2.Nf3 d5 3.d4 Nf6 4.g3 Nc6 5.Bg2 dxc4 6.O-O Rb8 7.Re1 Bb4 8.Nc3 O-O
9.e4 b5 10.Bf4 Qe8 11.Qe2 Bb7 12.Nxb5 Bxe1 13.Bxc7 Bxf2+ 14.Kxf2 Qd7 15.Bxb8 Rxb8
16.Rd1 Nb4 17.Nc3 Nd3+ 18.Kg1 Ba6 19.Rd2 Qc7 20.e5 Nd5 21.Ng5 Qb6 22.Nxd5 exd5
23.e6 fxe6 24.Nxe6 Qd6 25.Qh5 Nb4 26.Ng5 h6 27.Qf7+ Kh8 28.Ne6 Rg8 29.Nf4 Nd3
30.Bxd5 Rd8 31.Be4 Bb7 32.Bxb7 Qb4 33.Re2  1-0